|
|
|
|
| LEADER |
00000nam a2200000 a 4500 |
| 001 |
UCT3344 |
| 003 |
CL-VaPUC |
| 008 |
961018e19760000CL |||||||||||||||||spa|d |
| 082 |
0 |
4 |
|a 983
|b ENC
|2 21
|
| 100 |
|
|
|a Encina, Francisco Antonio
|e author
|9 515542
|
| 700 |
0 |
|
|a Castedo, Leopoldo
|e author
|9 372279
|
| 245 |
1 |
0 |
|a Resumen de la historia de Chile
|
| 250 |
|
|
|a 11a. ed
|
| 300 |
|
|
|a 5 v
|
| 942 |
|
|
|c BK
|
| 945 |
|
|
|d 19961018 00:00:00
|a lriquelm
|
| 260 |
|
|
|a Santiago
|b Zig-Zag
|c 1976
|
| 500 |
|
|
|a v.5: Incluye 33 mapas
|
| 650 |
|
0 |
|a Historia
|9 255047
|
| 650 |
|
7 |
|a HISTORIA LATINOAMERICANA
|2 CL-VaPUC
|9 347191
|
| 650 |
|
0 |
|a Culturas latinoamericanas
|9 340316
|
| 651 |
|
7 |
|a CHILE
|2 CL-VaPUC
|9 372280
|
| 583 |
|
|
|a last modification
|c 19961018 00:00:00
|k Rodrigo Vera
|
| 999 |
|
|
|c 253032
|d 253030
|
| 952 |
|
|
|0 0
|1 0
|4 0
|6 983_000000000000000_ENC_1976
|7 0
|8 X
|9 273420
|a BIBCUR
|b BIBCUR
|d 2019-11-19
|h v.1
|i 1774042
|o 983 ENC 1976
|p 1774042
|r 2025-04-22
|w 2019-11-19
|y BK_X
|k BCB
|
| 952 |
|
|
|0 0
|1 0
|4 0
|6 983_000000000000000_ENC_1976
|7 0
|8 X
|9 273421
|a BIBCUR
|b BIBCUR
|d 2019-11-19
|h v.2
|i 1774050
|o 983 ENC 1976
|p 1774050
|r 2025-04-22
|w 2019-11-19
|y BK_X
|k BCB
|
| 952 |
|
|
|0 0
|1 0
|4 0
|6 983_000000000000000_ENC_1976
|7 0
|8 X
|9 273422
|a BIBCUR
|b BIBCUR
|d 2019-11-19
|h v.3
|i 1774069
|o 983 ENC 1976
|p 1774069
|r 2025-04-22
|w 2019-11-19
|y BK_X
|k BCB
|
| 952 |
|
|
|0 0
|1 0
|4 0
|6 983_000000000000000_ENC_1976
|7 0
|8 X
|9 273423
|a BIBCUR
|b BIBCUR
|d 2019-11-19
|h v.5
|i 1774077
|o 983 ENC 1976
|p 1774077
|r 2025-04-22
|w 2019-11-19
|y BK_X
|k BCB
|